000 00773nam a2200205Ia 4500
005 20260121110214.0
008 008 260114s9999 xx 000 0 hin d
020 _a9788132303985
037 _aEBOOK
040 _aCRL
_bhin
_cCRL
041 _ahin
_2hin
084 _qCRL
100 _aसंतोष कुमार / Santosh Kumar
_9943333
245 0 _aवर्तमान भारत में अध्यापक शिक्षा की समस्या व समाधान / Vartmaan Bharat mein adhyapak shiksha ki samasya aur samadhan
260 _bभाषा प्रकाशन / Bhasha Prakashan
_c2020
856 _uhttps://bhashaprakashan.com/product-details/378030
942 _cEBOOK
999 _c1534998
_d1534998